Una Visita a Poblet : itinerarios del espíritu / Felío A. Vilarrubias itinerarios del espíritu / Felío A. Vilarrubias
Descripción Física:
45 p., [11] f. de làm. ; 24 cm
Materias:
Monestir de Santa Maria de Poblet
MARC
| LEADER | 00000nam a2200000Ia 4500 | ||
|---|---|---|---|
| 001 | 8232 | ||
| 008 | 160829s1975 xx 000 0 cat d | ||
| 080 | |a FU-8-41 | ||
| 100 | 1 | |a Vilarrubias Solanes, Felio A. |9 50554 | |
| 245 | |a Una Visita a Poblet : |b itinerarios del espíritu / Felío A. Vilarrubias | ||
| 260 | |a Barcelona : |b [Diputació], |c 1975 | ||
| 300 | |a 45 p., [11] f. de làm. ; |c 24 cm | ||
| 590 | |a A peu de portada: 35 aniversario del retorno de los monjes a Poblet. | ||
| 610 | 2 | 0 | |a Monestir de Santa Maria de Poblet |9 52909 |
| 710 | 1 | |a Barcelona (Catalunya : Província). |b Diputació |9 52408 | |
| 901 | |a Arxiu | ||
| 942 | |n 1 | ||
| 952 | |0 0 |1 0 |4 0 |6 FU841 |7 1 |9 43721 |a Arxiu |b Arxiu |d 2016-12-01 |l 0 |o FU-8-41 |p 8232 |r 2016-12-01 00:00:00 |w 2016-12-01 |y ARXIU | ||
| 999 | |c 46269 |d 46269 | ||